By permission of His Excellency the Lord Lieutenant : A list of the officers of the several regiments of fencible cavalry and infantry, and of the several regiments and battalions of militia, with the dates of their respective commissions upon the establishment of Ireland, (with an alphabetical index.).

Bibliographic Details
Corporate Authors: Great Britain. Army, Gale (Firm)
Format: eBook
Language:English
Subjects:
Online Access:Connect to the full text of this electronic book

MARC

Tag First Indicator Second Indicator Subfields
LEADER 00000cam a2200000 4500
001 in00003865821
005 20190415191135.0
006 m o d
007 cr |n||||||||n
008 961014s1796 ie |||| o o00||||eng c
035 |a (CU-RivES)T228529 
035 |a (Uk-ES)006322911 
035 |a (OCoLC)510752657 
040 |a Uk-ES  |c Uk-ES  |d Cengage Gale  |d UtOrBLW 
110 1 |a Great Britain.  |b Army. 
240 1 0 |a Lists. 1796-06-01 
245 1 0 |a By permission of His Excellency the Lord Lieutenant :  |b A list of the officers of the several regiments of fencible cavalry and infantry, and of the several regiments and battalions of militia, with the dates of their respective commissions upon the establishment of Ireland, (with an alphabetical index.). 
264 3 |a Dublin :  |b Printed by James King and Abraham Bradley King, printers to the Honourable the House of Commons, No. 72, Dame-Street,  |c [1796] 
300 |a 1 online resource (4 unnumbered pages, 86 pages)  
336 |a text  |b txt  |2 rdacontent 
337 |a computer  |b c  |2 rdamedia 
338 |a online resource  |b cr  |2 rdacarrier 
500 |a Dated at head: Dublin Castle, 1st June 1796. 
509 |a Verify pagination; D reports [4],6,9-86, with their copy probably lacking pp. 7-8. 
510 4 |a English Short Title Catalog,  |c T228529. 
500 |a Reproduction of original from National Library of Ireland. 
500 |a Electronic resource. 
610 1 0 |a Great Britain.  |b Army  |v Registers  |v Early works to 1800. 
655 7 |a Electronic books.  |2 local 
710 2 |a Gale (Firm)  |0 http://id.loc.gov/authorities/names/no2008071348 
752 |a Ireland  |d Dublin. 
856 4 0 |u http://proxy.library.tamu.edu/login?url=http://find.galegroup.com/ecco/infomark.do?contentSet=ECCOArticles&docType=ECCOArticles&bookId=1648400200&type=getFullCitation&tabID=T001&prodId=ECCO&docLevel=TEXT_GRAPHICS&version=1.0&source=library&userGroupName=txshracd2898  |z Connect to the full text of this electronic book  |t 0 
999 f f |s 59e6985e-e308-36c4-8dcc-fb9beb743434  |i 68f06ce7-542b-3c19-8dc3-01363620ba41  |t 0 
952 f f |a Texas A&M University  |b College Station  |c Electronic Resources  |d Available Online  |t 0  |h No information provided 
998 f f |t 0  |l Available Online